000 01427nam a2200337 a 4500
001 ebr10076911
003 CaPaEBR
006 m u
007 cr cn|||||||||
008 030211s2003 enka sb 001 0 eng
010 _z 2003044150
020 _z1403903247 (cloth)
040 _aCaPaEBR
_cCaPaEBR
035 _a(OCoLC)70737608
050 1 4 _aPR468.C66
_bB44 2003eb
082 0 4 _a820.9/355
_221
100 1 _aBeer, John B.
245 1 0 _aRomantic consciousness
_h[electronic resource] :
_bBlake to Mary Shelley /
_cJohn Beer.
260 _aHoundmills, Basingstoke, Hampshire ;
_aNew York :
_bPalgrave Macmillan,
_cc2003.
300 _axiii, 209 p. :
_bill.
504 _aIncludes bibliographical references (p. 184-202) and index.
533 _aElectronic reproduction.
_bPalo Alto, Calif. :
_cebrary,
_d2013.
_nAvailable via World Wide Web.
_nAccess may be limited to ebrary affiliated libraries.
600 1 0 _aShelley, Mary Wollstonecraft,
_d1797-1851
_xKnowledge
_xPsychology.
600 1 0 _aBlake, William,
_d1757-1827
_xKnowledge
_xPsychology.
650 0 _aEnglish literature
_y19th century
_xHistory and criticism.
650 0 _aConsciousness in literature.
650 0 _aRomanticism
_zGreat Britain.
655 7 _aElectronic books.
_2local
710 2 _aebrary, Inc.
856 4 0 _uhttp://site.ebrary.com/lib/rucke/Doc?id=10076911
_zAn electronic book accessible through the World Wide Web; click to view
999 _c53634
_d53634